[Event "RUS-chTW Premier 2019"]
[Site "Sochi"]
[Date "2019.05.05"]
[Round "5.1"]
[White "Kosteniuk, Alexandra"]
[Black "Bodnaruk, Anastasia"]
[Result "1-0"]
[WhiteElo "2546"]
[BlackElo "2431"]
[Annotator "ChessBase"]
[PlyCount "89"]
[EventDate "2019.05.01"]
[EventType "team-tourn"]
[EventCountry "RUS"]
[SourceTitle "playchess.com"]
[Source "ChessBase"]
[SourceQuality "1"]
[TimeControl "40/5400+30:1800+30"]

1. e4 {[%emt 0:00:00]} c5 {[%emt 0:00:00]} 2. Nf3 {[%emt 0:00:00]} d6 {[%emt 0:00:00]} 3. d4 {[%emt 0:00:00]} cxd4 {[%emt 0:00:00]} 4. Nxd4 {[%emt 0:00:00]} Nf6 {[%emt 0:00:00]} 5. Nc3 {[%emt 0:00:04]} a6 {[%emt 0:00:00]} 6. g3 {[%emt 0:00:17]} e5 {[%emt 0:01:15]} 7. Nde2 {[%emt 0:00:22]} Be7 {[%emt 0:03:01]} 8. Bg2 {[%emt 0:00:20]} b5 {[%emt 0:01:19]} 9. Nd5 {[%emt 0:00:52]} Nxd5 {[%emt 0:00:25]} 10. Qxd5 {[%emt 0:00:06]} Ra7 {[%emt 0:00:03]} 11. Be3 {[%emt 0:00:35]} Be6 {[%emt 0:01:18]} 12. Qd2 {[%emt 0:02:38]} Rb7 {[%emt 0:10:13]} 13. Nc3 {[%emt 0:04:15]} b4 {[%emt 0:04:57]} 14. Nd5 {[%emt 0:00:46]} Bxd5 {[%emt 0:00:20]} 15. Qxd5 {[%emt 0:00:07]} Qc7 {[%emt 0:03:01]} 16. O-O {[%emt 0:01:49]} O-O {[%emt 0:03:09]} 17. Rfc1 {[%emt 0:02:00]} Nd7 {[%emt 0:09:33]} 18. c3 {[%emt 0:03:46]} Nc5 {[%emt 0:05:44]} 19. b3 {[%emt 0:09:25]} a5 {[%emt 0:05:44]} 20. Bf1 {[%emt 0:05:47]} g6 {[%emt 0:14:31]} 21. Bc4 {[%emt 0:01:54]} Kg7 {[%emt 0:01:01]} 22. cxb4 {[%emt 0:01:17]} Rxb4 {[%emt 0:10:56]} 23. a3 {[%emt 0:03:46]} Rbb8 {[%emt 0:00:03]} 24. Qd2 {[%emt 0:10:38]} Kh8 {[%emt 0:05:14]} 25. Bh6 {[%emt 0:02:43]} Rfd8 {[%emt 0:09:27]} 26. Bxf7 {[%emt 0:09:18]} Qd7 {[%emt 0:02:25]} 27. Be3 {[%emt 0:14:46]} Nxe4 {[%emt 0:02:47]} 28. Qxa5 {[%emt 0:00:05]} Bg5 {[%emt 0:02:05]} 29. Rc7 {[%emt 0:04:30]} Qg4 {[%emt 0:02:58]} 30. Ba7 {[%emt 0:05:52]} Rbc8 {[%emt 0:01:48]} 31. Bd5 {[%emt 0:02:39]} Nd2 {[%emt 0:00:09]} 32. Rxc8 {[%emt 0:01:47]} Rxc8 {[%emt 0:00:21]} 33. Qa6 {[%emt 0:01:03]} Qd7 {[%emt 0:01:11]} 34. Rd1 {[%emt 0:00:35]} Qc7 {[%emt 0:01:18]} 35. Be3 {[%emt 0:03:24]} Bxe3 {[%emt 0:00:22]} 36. fxe3 {[%emt 0:00:01]} Qc5 {[%emt 0:00:38]} 37. Rxd2 {[%emt 0:01:29]} Qxe3+ {[%emt 0:00:37]} 38. Rf2 {[%emt 0:00:05]} Rf8 {[%emt 0:00:34]} 39. Qe2 {[%emt 0:01:51]} Qd4 {[%emt 0:00:03]} 40. Qd2 {[%emt 0:00:00]} Qc5 {[%emt 0:00:00]} 41. b4 {[%emt 0:02:39]} Rxf2 {[%emt 0:03:53]} 42. Qxf2 {[%emt 0:02:15]} Qxd5 {[%emt 0:00:03]} 43. Qf8+ {[%emt 0:00:06]} Qg8 {[%emt 0:00:03]} 44. Qxg8+ {[%emt 0:00:10]} Kxg8 {[%emt 0:00:01]} 45. b5 {[%emt 0:00:10]} 1-0

[Event "RUS-chTW Premier 2019"]
[Site "Sochi"]
[Date "2019.05.05"]
[Round "5.2"]
[White "Ovod, Evgenija"]
[Black "Shuvalova, Polina"]
[Result "1/2-1/2"]
[WhiteElo "2362"]
[BlackElo "2439"]
[Annotator "TA"]
[PlyCount "94"]
[EventDate "2019.05.01"]
[EventType "team-tourn"]
[EventCountry "RUS"]
[SourceTitle "playchess.com"]
[Source "ChessBase"]
[SourceQuality "1"]

{[%evp 11,94,15,15,12,15,19,16,16,18,19,21,21,22,30,27,8,20,8,40,38,41,46,58,54,109,3,13,-34,51,41,131,120,135,94,93,85,97,84,94,71,140,106,135,145,263,238,445,164,332,345,355,358,426,404,499,245,463,308,489,486,413,405,406,433,419,311,432,427,528,509,726,702,692,497,478,0,395,366,341,0,341,0,282,0,305]} 1. e4 c6 2. d4 d5 3. e5 Bf5 4. h4 h5 5. Bd3 Bxd3 6. Qxd3 e6 7. Bg5 {B12: Caro-Kann: Advance Variation} Be7 8. Nf3 Nh6 9. Nc3 {[%cal Bb1c3,Bc3e2,Be2d4][%mdl 32]} (9. Nbd2 Nf5 10. Nf1 Qa5+ 11. c3 Qa6 12. Qd2 Nd7 13. Ng3 Nxg3 14. fxg3 f6 {½-½ (72) Inarkiev,E (2693)-Tomashevsky,E (2705) St Petersburg 2018}) 9... Nf5 10. Ne2 Qa5+ 11. c3 c5 12. Bxe7 $146 ({Predecessor:} 12. dxc5 Qxc5 13. O-O Nd7 14. Ned4 g6 {0-1 (45) Ciolek,A (2241)-Braun,A (2603) Tegernsee 2018}) 12... Nxe7 13. dxc5 Qxc5 14. Ned4 Nd7 15. O-O a6 16. Qe3 Nc6 17. Qg5 Qf8 (17... g6 $14) 18. b4 (18. Nxc6 $1 $16 {Na5 is the strong threat.} bxc6 19. c4) 18... g6 19. b5 Nxd4 (19... Na5 $1 $15) 20. cxd4 $14 Nb6 (20... Qe7 $14) 21. bxa6 $16 Rxa6 22. Rfc1 Nc4 23. Qf6 $36 {[%mdl 2048] aiming for Ng5. Black is under strong pressure.} Qh6 24. Ng5 $1 O-O 25. Qe7 b6 ({Black should try} 25... Qg7) 26. Rc3 $1 Qg7 27. Rf3 $1 b5 (27... Nd2 $16) 28. Rf6 $18 Nd2 $2 (28... Raa8 29. Nxf7 {[%mdl 64] Remove Defender} Rxf7 30. Qxe6 Kf8) 29. Qb4 $2 (29. Rc1 {White wants to mate with Rxf7!} Nc4 30. Rb1) 29... Nc4 $2 (29... Ne4) 30. Qxb5 Ra7 31. a4 {[%cal Ba2a4,Ba4a5,Ba5a6][%mdl 32]} Rfa8 {[#]} 32. a5 $1 {[%mdl 512]} Nd6 (32... Rxa5 33. Rxa5) 33. Qd3 (33. Qc6 $142 Nf5 34. Rxf7 $1 {[%mdl 512]} Qxf7 35. Nxf7 Kxf7 36. Qb6) 33... Nf5 $2 (33... Ne4) 34. g3 Re8 (34... Re7 {might work better.} 35. Rb1 Qf8) 35. a6 Qf8 36. Rb1 Ree7 37. Rb6 Qc8 38. Qb1 Kg7 39. Nxf7 $1 {[%mdl 64] Deflection} ({And not} 39. Rb8 Qxa6 40. Qc1 Rac7 $15) 39... Rxf7 40. Rfxe6 Kh7 41. Rxg6 {Hoping for Rh6+.} Rac7 42. Qd3 Rc1+ {[#]} 43. Kg2 $2 (43. Kh2 $1 $18 Qc2 {[#]} 44. Qf3 $1 {[%mdl 512]}) 43... Qc2 $2 {[%mdl 8192]} (43... Rc3 $1 $11 {and Black is okay.} 44. Rh6+ Kg8 45. Rhg6+ Kh7) 44. Rh6+ Kg8 45. Rhg6+ Kh7 46. Rh6+ Kg8 {( -> ...Nxh4+!)} 47. Rhg6+ Kh7 {[%mdl 32768] Accuracy: White = 61%, Black = 34%. . An unexpected result.} 1/2-1/2

[Event "RUS-chTW Premier 2019"]
[Site "Sochi"]
[Date "2019.05.05"]
[Round "5.3"]
[White "Kovalevskaya, Ekaterina"]
[Black "Belenkaya, Dina"]
[Result "1/2-1/2"]
[WhiteElo "2413"]
[BlackElo "2315"]
[Annotator "TA"]
[PlyCount "91"]
[EventDate "2019.05.01"]
[EventType "team-tourn"]
[EventCountry "RUS"]
[SourceTitle "playchess.com"]
[Source "ChessBase"]
[SourceQuality "1"]

{[%evp 14,91,28,25,27,26,22,23,18,17,33,27,33,19,17,13,49,18,33,23,44,33,47,31,34,35,21,23,56,51,49,48,39,47,41,31,84,91,87,36,46,14,31,31,35,10,9,12,26,24,31,10,10,6,10,0,9,0,21,0,17,0,0,0,0,0,0,0,0,0,0,0,0,0,0,0,0,0,0,0]} 1. Nf3 d5 2. e3 Nf6 3. c4 dxc4 4. Bxc4 e6 5. O-O c5 6. d4 a6 7. b3 cxd4 8. Nxd4 Bd7 {D27: Queen's Gambit Accepted: Classical main line: 7 e4!? and 7 a4} 9. Bb2 Nc6 10. Nf3 Be7 {White has an edge.} 11. Nbd2 {[%cal Bb1d2,Bd2c4,Bc4e5][%mdl 32]} O-O 12. Rc1 Rc8 13. Qe2 (13. Ng5 h6 14. Nge4 Nb4 15. a3 Nbd5 16. Qe2 Nxe4 17. Nxe4 Nf6 18. Bd3 {½-½ (28) Laznicka,V (2670)-Harikrishna,P (2730) Prague 2019}) 13... Qa5 14. Bd3 Qh5 15. Nc4 Nb4 16. Bb1 Nbd5 {[#]} 17. h3 $146 ({Predecessor:} 17. Rfd1 Rfd8 18. Qf1 Bb5 19. a4 Be8 {1-0 (36) Miles,A (2565)-Lin,T (2410) Beijing 1993}) 17... Bc6 18. e4 Nf4 19. Qe3 Ng6 20. Nce5 Bb5 21. Rxc8 Rxc8 22. Rc1 Rxc1+ 23. Qxc1 Nxe5 24. Nxe5 Bc6 (24... Be8 $14) 25. Nxc6 $16 bxc6 26. Bd3 ({White should play} 26. Qc2 $16) 26... Qa5 $14 27. Qxc6 {White wants to play e5.} Qxa2 28. Qc2 Nd7 29. Qc3 {[%csl Gb2][%cal Rc3g7] [#]} Bf8 30. Bc2 Nc5 31. Bc1 a5 32. Be3 Qa3 {The position is equal.} 33. Bd2 Qa2 34. Be3 Qa3 35. Bd2 Qa2 36. g3 Na6 37. Kg2 Nb4 38. Bd1 Qb1 39. Bf3 Nd3 40. Qxa5 Qxb3 41. Be3 Qc2 42. Kg1 Qb1+ 43. Kh2 Qc2 44. Kg1 Qb1+ 45. Kh2 Qc2 46. Kg1 {Accuracy: White = 62%, Black = 67%.} 1/2-1/2

[Event "RUS-chTW Premier 2019"]
[Site "Sochi"]
[Date "2019.05.05"]
[Round "5.4"]
[White "Styazhkina, Anna"]
[Black "Bivol, Alina"]
[Result "1-0"]
[WhiteElo "2272"]
[BlackElo "2393"]
[Annotator "NA"]
[PlyCount "65"]
[EventDate "2019.05.01"]
[EventType "team-tourn"]
[EventCountry "RUS"]
[SourceTitle "playchess.com"]
[Source "ChessBase"]
[SourceQuality "1"]
[TimeControl "40/5400+30:1800+30"]

1. e4 {[%emt 0:00:00]} e6 {[%emt 0:00:00]} 2. d4 {[%emt 0:00:00]} d5 {[%emt 0:00:00]} 3. Nd2 {[%emt 0:00:22]} c5 {[%emt 0:00:52]} 4. Ngf3 {[%emt 0:01:23]} Nf6 {[%emt 0:00:07]} 5. exd5 {[%emt 0:04:45]} exd5 {[%emt 0:00:25]} 6. Bb5+ {[%emt 0:02:10]} Bd7 {[%emt 0:00:06]} 7. Bxd7+ {[%emt 0:04:20]} Nbxd7 {[%emt 0:00:06]} 8. O-O {[%emt 0:00:29]} Be7 {[%emt 0:00:05]} 9. dxc5 {[%emt 0:00:41]} Nxc5 {[%emt 0:00:10]} 10. Nb3 {[%emt 0:11:06]} Nce4 {[%emt 0:00:10]} 11. Nfd4 {[%emt 0:01:08]} Qd7 {[%emt 0:00:43]} 12. h3 {[%emt 0:02:31]} O-O {[%emt 0:02:49]} 13. Qf3 {[%emt 0:03:22]} Rfe8 {[%emt 0:05:09]} 14. Be3 {[%emt 0:02:36]} b5 {[%emt 0:03:22]} 15. Rad1 {[%emt 0:04:38]} a5 {[%emt 0:02:45]} 16. a3 {[%emt 0:02:35]} Bd8 {[%emt 0:05:27]} 17. Nf5 {[%emt 0:02:13]} g6 {[%emt 0:01:10]} 18. Nfd4 {[%emt 0:11:39]} Bc7 {[%emt 0:02:51]} 19. Nc1 {[%emt 0:05:05]} Qd6 {[%emt 0:04:50]} 20. g3 {[%emt 0:00:48]} Qd7 {[%emt 0:00:17]} 21. Kg2 {[%emt 0:01:06]} Rac8 {[%emt 0:04:19]} 22. Nd3 {[%emt 0:03:25]} Kg7 {[%emt 0:00:39]} 23. c3 {[%emt 0:05:28]} h6 {[%emt 0:03:35]} 24. Rfe1 {[%emt 0:07:32]} Bd6 {[%emt 0:04:03]} 25. Nc2 {[%emt 0:06:41]} Rc6 {[%emt 0:20:03]} 26. Bd4 {[%emt 0:01:18]} Bb8 {[%emt 0:07:38]} 27. Nf4 {[%emt 0:04:48]} Bxf4 {[%emt 0:03:09]} 28. Qxf4 {[%emt 0:00:14]} Kh7 {[%emt 0:01:06]} 29. g4 {[%emt 0:03:24]} g5 {[%emt 0:06:13]} 30. Qf3 {[%emt 0:00:38]} Rd6 {[%emt 0:05:39]} 31. Qd3 {[%emt 0:02:36]} h5 {[%emt 0:08:28]} 32. Bxf6 {[%emt 0:02:11]} Rxf6 {[%emt 0:00:20]} 33. Rxe4 {[%emt 0:00:34]} 1-0

[Event "RUS-chTW Premier 2019"]
[Site "Sochi"]
[Date "2019.05.05"]
[Round "5.5"]
[White "Ushenina, Anna"]
[Black "Sudakova, Irina"]
[Result "1-0"]
[WhiteElo "2442"]
[BlackElo "2313"]
[Annotator "NA"]
[PlyCount "71"]
[EventDate "2019.05.01"]
[EventType "team-tourn"]
[EventCountry "RUS"]
[SourceTitle "playchess.com"]
[Source "ChessBase"]
[SourceQuality "1"]
[TimeControl "40/5400+30:1800+30"]

1. d4 {[%emt 0:00:00]} d5 {[%emt 0:00:00]} 2. c4 {[%emt 0:00:13]} e6 {[%emt 0:00:00]} 3. Nf3 {[%emt 0:00:15]} c6 {[%emt 0:00:08]} 4. e3 {[%emt 0:00:26]} Nf6 {[%emt 0:00:18]} 5. Nc3 {[%emt 0:00:17]} Nbd7 {[%emt 0:00:18]} 6. Qc2 {[%emt 0:00:06]} Bd6 {[%emt 0:00:39]} 7. Bd3 {[%emt 0:00:09]} O-O {[%emt 0:00:43]} 8. O-O {[%emt 0:00:04]} dxc4 {[%emt 0:00:39]} 9. Bxc4 {[%emt 0:00:05]} a6 {[%emt 0:00:23]} 10. Rd1 {[%emt 0:01:44]} c5 {[%emt 0:01:45]} 11. dxc5 {[%emt 0:02:23]} Bxc5 {[%emt 0:00:18]} 12. Bd3 {[%emt 0:01:35]} h6 {[%emt 0:05:07]} 13. Bd2 {[%emt 0:12:14]} Qe7 {[%emt 0:12:15]} 14. Rac1 {[%emt 0:28:18]} b6 {[%emt 0:07:16]} 15. Ne4 {[%emt 0:00:13]} Bb7 {[%emt 0:00:53]} 16. Nxc5 {[%emt 0:00:21]} Nxc5 {[%emt 0:00:31]} 17. Be2 {[%emt 0:00:41]} Be4 {[%emt 0:08:16]} 18. Qc3 {[%emt 0:04:18]} Bd5 {[%emt 0:11:55]} 19. Qa3 {[%emt 0:02:31]} Qb7 {[%emt 0:00:37]} 20. Bc3 {[%emt 0:05:47]} Nce4 {[%emt 0:05:41]} 21. Be1 {[%emt 0:06:16]} b5 {[%emt 0:05:14]} 22. Ne5 {[%emt 0:01:36]} Rfd8 {[%emt 0:08:55]} 23. f3 {[%emt 0:01:13]} Nd6 {[%emt 0:01:14]} 24. Ba5 {[%emt 0:06:06]} b4 {[%emt 0:05:13]} 25. Qxb4 {[%emt 0:01:01]} Qxb4 {[%emt 0:03:02]} 26. Bxb4 {[%emt 0:00:02]} Nfe8 {[%emt 0:00:36]} 27. Ba5 {[%emt 0:02:43]} Rdc8 {[%emt 0:00:43]} 28. b3 {[%emt 0:00:08]} Bb7 {[%emt 0:02:44]} 29. Nd7 {[%emt 0:02:16]} Nf5 {[%emt 0:02:03]} 30. Kf2 {[%emt 0:00:28]} Nf6 {[%emt 0:02:03]} 31. Nc5 {[%emt 0:01:08]} Rab8 {[%emt 0:01:10]} 32. Nxb7 {[%emt 0:05:52]} Rxc1 {[%emt 0:00:07]} 33. Rxc1 {[%emt 0:00:03]} Rxb7 {[%emt 0:00:05]} 34. Rc6 {[%emt 0:00:22]} Nd5 {[%emt 0:02:42]} 35. e4 {[%emt 0:03:27]} Nde7 {[%emt 0:00:42]} 36. Rb6 {[%emt 0:03:18]} 1-0

[Event "RUS-chTW Premier 2019"]
[Site "Sochi"]
[Date "2019.05.05"]
[Round "5.6"]
[White "Protopopova, Anastasiya"]
[Black "Pogonina, Natalija"]
[Result "0-1"]
[WhiteElo "2249"]
[BlackElo "2453"]
[Annotator "TA"]
[PlyCount "126"]
[EventDate "2019.05.01"]
[EventType "team-tourn"]
[EventCountry "RUS"]
[SourceTitle "playchess.com"]
[Source "ChessBase"]
[SourceQuality "1"]

{[%evp 9,126,30,27,26,39,29,23,23,45,20,18,15,20,28,41,44,43,35,43,24,20,25,68,27,29,37,50,47,47,30,47,44,63,50,70,49,57,63,64,7,50,0,0,3,3,0,23,22,22,12,14,12,20,13,14,24,25,23,24,23,38,-10,-10,-10,-10,-10,-10,-10,-10,-10,-10,-10,-10,-10,0,-10,0,0,0,-10,0,-10,-10,-629,-592,-792,-753,-1123,-1118,-1027,-932,-912,-842,-1088,-934,-1013,-777,-1019,-1038,-1025,-1052,-1041,-863,-919,-868,-760,-651,-6540,-6087,-5208,-1816,-29976,-29977,-29977,-29977,-29978,-29979,-29979,-12249]} 1. e4 e5 2. Nf3 Nc6 3. Nc3 Nf6 4. a3 d6 5. d4 exd4 6. Nxd4 {C47: Scotch Four Knights and Four Knights with 4 g3} Bd7 7. Nde2 Be7 $146 ({Predecessor:} 7... Qe7 8. Bg5 O-O-O 9. Qd2 Re8 10. f3 h6 11. Be3 g6 12. O-O-O Bg7 13. Nd4 {½-½ (46) Moranda,W (2451)-Aleksandrov,A (2636) Warsaw 2005}) 8. g3 {White has an edge.} Qc8 9. Nf4 (9. h3 {with more complications.} O-O 10. Bg2 Rb8 11. f4 Re8 12. Be3) 9... O-O 10. Bg2 Re8 11. O-O Bf8 12. b3 Ne5 13. Bb2 Ng6 14. Nxg6 hxg6 15. Re1 c5 16. Bc1 Bc6 17. Bf4 Qc7 18. Qd3 a6 19. Rad1 Rad8 20. a4 Qa5 21. Bd2 {aiming for Nd5.} Qb6 22. Bg5 Be7 23. h3 Rc8 24. Qe3 (24. Bf4 $14) 24... Qc7 25. Nd5 Nxd5 26. exd5 Bxg5 27. Qxg5 Rxe1+ 28. Rxe1 Re8 29. Re3 Bd7 $1 30. Rxe8+ Bxe8 31. Bf1 f6 32. Qe3 Bf7 33. Qe4 Kf8 34. c4 Qe7 35. Qxe7+ (35. Qb1 {is more complex.} a5 36. Qd1 g5 37. Bd3 Qe8 38. Bc2) 35... Kxe7 $14 {[%mdl 4096] Endgame KB-KB} 36. f4 g5 37. f5 Kd7 38. Kf2 $1 Kc7 39. Ke3 Kb6 40. Kd2 Ka5 41. Kc3 $1 Be8 42. Bd3 b5 43. axb5 axb5 44. Bc2 Bd7 45. g4 Be8 46. Bd3 $2 {[%mdl 8192]} (46. Bd1 $11) 46... bxc4 $1 $19 47. bxc4 Ka4 $1 48. Be4 Ka3 49. Bc2 Ba4 50. Be4 Ka2 51. Bf3 {[#]} Kb1 $1 {[%cal Rb1c1]} 52. Be2 Kc1 53. Bf3 Bc2 54. Bg2 g6 55. fxg6 Bxg6 56. Bf3 Bc2 57. Bg2 f5 58. Bh1 f4 59. Bf3 Bg6 60. Be2 Be4 {Black mates.} 61. Bf1 Kd1 62. h4 gxh4 63. g5 f3 {Accuracy: White = 48%, Black = 71%.} (63... Ke1 $142 64. Bh3 f3 65. Kb3 f2 66. Ka4 f1=Q {[%mdl 64] Promotion} 67. Bxf1 Kxf1 68. Kb5 h3 69. Kb6 h2 70. Kc7 h1=Q 71. Kxd6 Qg1 72. Ke5 Qg4 73. Kd6 Qxg5 74. Kxc5 {[#]} Qe5 $1 {[%mdl 512]} 75. Kb4 Bd3 76. Kc5 Qe4 77. Kc6 Bxc4 78. Kc7 Qxd5 79. Kc8 Qd6 80. Kb7 Ba6+ 81. Ka8 Qc6+ 82. Kb8 Qb7#) 0-1

[Event "RUS-chTW Premier 2019"]
[Site "Sochi"]
[Date "2019.05.05"]
[Round "5.7"]
[White "Girya, Olga"]
[Black "Lysenko, Margarita"]
[Result "1-0"]
[WhiteElo "2449"]
[BlackElo "2211"]
[Annotator "NA"]
[PlyCount "75"]
[EventDate "2019.05.01"]
[EventType "team-tourn"]
[EventCountry "RUS"]
[SourceTitle "playchess.com"]
[Source "ChessBase"]
[SourceQuality "1"]
[TimeControl "40/5400+30:1800+30"]

1. d4 {[%emt 0:00:00]} Nf6 {[%emt 0:00:00]} 2. c4 {[%emt 0:00:00]} e6 {[%emt 0:00:00]} 3. Nf3 {[%emt 0:00:00]} b6 {[%emt 0:00:17]} 4. g3 {[%emt 0:00:01]} Bb7 {[%emt 0:00:23]} 5. Bg2 {[%emt 0:00:05]} Be7 {[%emt 0:00:36]} 6. O-O {[%emt 0:00:06]} O-O {[%emt 0:00:16]} 7. Re1 {[%emt 0:02:38]} c5 {[%emt 0:02:08]} 8. d5 {[%emt 0:00:24]} exd5 {[%emt 0:17:45]} 9. Nh4 {[%emt 0:00:06]} Ne4 {[%emt 0:20:17]} 10. cxd5 {[%emt 0:00:38]} Bxh4 {[%emt 0:03:49]} 11. Bxe4 {[%emt 0:00:07]} Bf6 {[%emt 0:05:33]} 12. Nc3 {[%emt 0:00:10]} d6 {[%emt 0:01:43]} 13. Bf4 {[%emt 0:01:24]} a6 {[%emt 0:01:50]} 14. Qc2 {[%emt 0:06:37]} g6 {[%emt 0:02:43]} 15. Bg2 {[%emt 0:00:27]} Be7 {[%emt 0:15:32]} 16. Rad1 {[%emt 0:03:21]} Bc8 {[%emt 0:05:54]} 17. Bh6 {[%emt 0:11:54]} Re8 {[%emt 0:00:25]} 18. Ne4 {[%emt 0:00:07]} Nd7 {[%emt 0:07:21]} 19. Qc3 {[%emt 0:01:06]} Nf6 {[%emt 0:01:26]} 20. f3 {[%emt 0:13:31]} Bf5 {[%emt 0:02:43]} 21. Rf1 {[%emt 0:00:12]} Nh5 {[%emt 0:05:08]} 22. g4 {[%emt 0:05:57]} Bxe4 {[%emt 0:00:45]} 23. fxe4 {[%emt 0:01:18]} Bf6 {[%emt 0:00:40]} 24. Qf3 {[%emt 0:00:58]} Bg7 {[%emt 0:01:30]} 25. Bc1 {[%emt 0:00:51]} Re5 {[%emt 0:02:44]} 26. Qxf7+ {[%emt 0:01:58]} Kh8 {[%emt 0:00:05]} 27. gxh5 {[%emt 0:00:05]} Rxh5 {[%emt 0:00:07]} 28. Rd3 {[%emt 0:05:28]} Be5 {[%emt 0:01:15]} 29. h3 {[%emt 0:06:10]} b5 {[%emt 0:00:32]} 30. Rdf3 {[%emt 0:00:44]} Bd4+ {[%emt 0:00:19]} 31. Kh1 {[%emt 0:00:23]} Bg7 {[%emt 0:00:18]} 32. Qb7 {[%emt 0:05:53]} b4 {[%emt 0:01:10]} 33. Rf7 {[%emt 0:01:41]} Be5 {[%emt 0:00:18]} 34. Qxa8 {[%emt 0:03:31]} Qxa8 {[%emt 0:00:26]} 35. Rf8+ {[%emt 0:00:04]} Qxf8 {[%emt 0:00:06]} 36. Rxf8+ {[%emt 0:00:03]} Kg7 {[%emt 0:00:07]} 37. Ra8 {[%emt 0:00:03]} g5 {[%emt 0:00:06]} 38. Kg1 {[%emt 0:00:37]} 1-0

[Event "RUS-chTW Premier 2019"]
[Site "Sochi"]
[Date "2019.05.05"]
[Round "5.8"]
[White "Geller, Anastasiya"]
[Black "Guseva, Marina"]
[Result "0-1"]
[WhiteElo "2187"]
[BlackElo "2402"]
[Annotator "NA"]
[PlyCount "74"]
[EventDate "2019.05.01"]
[EventType "team-tourn"]
[EventCountry "RUS"]
[SourceTitle "playchess.com"]
[Source "ChessBase"]
[SourceQuality "1"]
[TimeControl "40/5400+30:1800+30"]

1. d4 {[%emt 0:00:00]} d5 {[%emt 0:00:00]} 2. c4 {[%emt 0:00:00]} c6 {[%emt 0:00:00]} 3. Nf3 {[%emt 0:00:00]} Nf6 {[%emt 0:00:00]} 4. Nc3 {[%emt 0:00:05]} a6 {[%emt 0:00:13]} 5. cxd5 {[%emt 0:06:54]} cxd5 {[%emt 0:00:06]} 6. g3 {[%emt 0:03:49]} Nc6 {[%emt 0:01:44]} 7. Bg2 {[%emt 0:00:26]} e6 {[%emt 0:11:22]} 8. O-O {[%emt 0:01:05]} b5 {[%emt 0:00:08]} 9. Ne5 {[%emt 0:07:45]} Bb7 {[%emt 0:02:58]} 10. a3 {[%emt 0:10:58]} Be7 {[%emt 0:08:28]} 11. Be3 {[%emt 0:15:08]} O-O {[%emt 0:01:39]} 12. f3 {[%emt 0:03:37]} Rc8 {[%emt 0:07:34]} 13. Nxc6 {[%emt 0:01:23]} Bxc6 {[%emt 0:00:22]} 14. Bf2 {[%emt 0:05:35]} Nd7 {[%emt 0:05:27]} 15. Na2 {[%emt 0:01:01]} a5 {[%emt 0:06:27]} 16. Nc1 {[%emt 0:02:21]} Nb6 {[%emt 0:04:01]} 17. b3 {[%emt 0:00:46]} a4 {[%emt 0:00:09]} 18. b4 {[%emt 0:00:05]} Nc4 {[%emt 0:00:12]} 19. Nd3 {[%emt 0:00:07]} f6 {[%emt 0:01:44]} 20. e4 {[%emt 0:08:13]} e5 {[%emt 0:12:34]} 21. exd5 {[%emt 0:09:38]} Bxd5 {[%emt 0:03:17]} 22. Re1 {[%emt 0:05:29]} Bd6 {[%emt 0:13:10]} 23. dxe5 {[%emt 0:10:13]} Bxe5 {[%emt 0:00:58]} 24. Nxe5 {[%emt 0:00:20]} fxe5 {[%emt 0:00:38]} 25. Bc5 {[%emt 0:02:11]} Rf7 {[%emt 0:04:48]} 26. Qe2 {[%emt 0:01:01]} Bc6 {[%emt 0:06:21]} 27. Rad1 {[%emt 0:00:46]} Qf6 {[%emt 0:00:10]} 28. Rd3 {[%emt 0:00:20]} h6 {[%emt 0:02:10]} 29. Red1 {[%emt 0:00:48]} Re8 {[%emt 0:00:58]} 30. Qa2 {[%emt 0:01:40]} Qf5 {[%emt 0:01:20]} 31. Rd8 {[%emt 0:02:35]} Rxd8 {[%emt 0:00:30]} 32. Rxd8+ {[%emt 0:00:04]} Kh7 {[%emt 0:00:04]} 33. g4 {[%emt 0:00:56]} Qg6 {[%emt 0:03:50]} 34. h4 {[%emt 0:00:35]} Bxf3 {[%emt 0:00:54]} 35. Bxf3 {[%emt 0:01:01]} Rxf3 {[%emt 0:00:04]} 36. Qg2 {[%emt 0:00:21]} Rf4 {[%emt 0:02:26]} 37. Kh2 {[%emt 0:00:41]} Rxg4 {[%emt 0:00:27]} 0-1